| 000 | 00000nam##2200000za#4500 |
| 001 | 9.618463 |
| 003 | CaOODSP |
| 005 | 20240527135428 |
| 007 | ta |
| 008 | 150406|2008||||xxc||||| f|0| 0 eng|d |
| 020 | |a978-0-662-46720-5 |
| 022 | |a0576-6370 |
| 040 | |aCaOODSP|beng |
| 043 | |an-cn--- |
| 086 | 1 |aCW69-1/114E |
| 110 | 2 |aCanadian Wildlife Service. |
| 245 | 10|aKey migratory bird terrestrial habitat sites in the Northwest Territories and Nunavut / |c[by] P.B. Latour ... [et al.]. |
| 250 | |a3rd ed. |
| 260 | |aOttawa - Ontario : |bEnvironment Canada. |cFebruary 2008. |
| 300 | |a120p. : |bmaps, references, tables, index ; |c28 cm. |
| 490 | 1 |aOccasional paper - Canadian Wildlife Service|x0576-6370|vNo. 114 |
| 520 | 3 |aDescribes key terrestrial habitat areas that are essential to the welfare of various migratory bird species in Canada. |
| 563 | |aSoftcover |
| 590 | |a09-33|b2009-08-14 |
| 690 | 07|aMigratory birds|2gcpds |
| 720 | 1 |aLatour, P.B. |
| 775 | 08|tHabitats terrestres clé pour les oiseaux migrateurs dans les Territoires du Nord-Ouest et au Nunavut / |w(CaOODSP)9.627584 |
| 776 | 0#|tKey migratory bird terrestrial habitat sites in the Northwest Territories and Nunavut / |w(CaOODSP)9.563039 |
| 830 | #0|aOccasional paper (Canadian Wildlife Service)|x0576-6370|vNo. 114|w(CaOODSP)9.514489 |